000 00316nam a22001337a 4500
008 260331b ||||| |||| 00| 0 eng d
020 _a9989114153
041 _aeng
080 _a121.1
100 _a25
101 _aAntologji
245 _aAntologji e Lirikës Popullore Shqiptare
_cNuhi Vinca
942 _2udc
_cBK
999 _c60957
_d60957